Statistiques concernant Chanteurs et groupes par lettre - J

Cliquez ici pour prendre le quiz!

Statistiques générales

  • Ce quiz a été pris 487 fois
    (443 depuis la dernière actualisation)
  • Le résultat moyen est 13 sur 20

Statistiques - réponses

Période d’activitéPaysChansonsGroupe ou artiste% Correct
2007 -On m’appelle l’ovni | TchikitaJUL
94%
1975 -Quand la musique est bonne | Envole-moiJean-Jacques Goldman
91%
1960 - 2017Je te promets | Allumer le feuJohnny Hallyday
91%
2007 -Paris-Seychelles | Coco CâlineJulien Doré
88%
2010 -Baby | What Do You Mean?Justin Bieber
85%
2001 -Au soleil | Notre idylleJenifer
79%
1964 - 1980 Aux Champs-Elysées | L’Été indienJoe Dassin
79%
1953 - 1978Ne me quitte pas | Quand on a que l’amourJacques Brel
76%
2002 -SexyBack | Can't Stop the Feeling!Justin Timberlake
74%
1968 - 1980Imagine | (Just Like) Starting OverJohn Lennon
72%
1999 -Jenny from the Block | On The FloorJennifer Lopez
65%
1978 - Toute Première Fois | En rouge et noirJeanne Mas
61%
1969 - 1989
2012 -
ABC | I Want You BackThe Jackson 5
58%
2004 -All of Me | Love Me NowJohn Legend
57%
1968 -Ma préférence | Ce n’est rienJulien Clerc
57%
1996 -Empire State of Mind | Dirt Off Your ShoulderJay-Z
53%
1960 -Et moi, et moi, et moi | J’aime les fillesJacques Dutronc
44%
1969 - Je t’aime... moi non plus | Di Doo DahJane Birkin
40%
1965 - 1970Purple Haze | All Along the WatchtowerJimi Hendrix
28%
1967 - 1970Piece of My Heart | Me and Bobby McGeeJanis Joplin
16%

Distribution des résultats

Percentile par nombre de réponses

% des personnes avec chaque résultat

Votre développement - résultats

Vous n’avez pas pris ce quiz depuis la dernière actualisation